| 000 | 00748nam a22002297a 4500 | ||
|---|---|---|---|
| 999 |
_c14600 _d14600 |
||
| 003 | AR-CdUCM | ||
| 008 | 190423b ||||| |||| 00| 0 spa d | ||
| 020 | _a978-84-940256-1-7 | ||
| 040 |
_aMUNICIPALIDAD PROVINCIAL DEL CUSCO _cBIBLIOTECA MUNICIPAL DEL CUSCO |
||
| 082 |
_aPI / 800 / _bP44 |
||
| 100 |
_aPerez Falcón, Marilyn _933444 |
||
| 245 | _a¡Cui-cui-cuidado! / | ||
| 260 |
_aBarcelona : _bEdiciones Ekaré, _c2002. |
||
| 300 |
_bilustraciones, _c14 cm. |
||
| 440 |
_aPikinini libros para bebés. _933445 |
||
| 650 |
_aLiteratura infantil _9588 |
||
| 650 |
_aCuentos infantiles _93927 |
||
| 650 |
_aPrimera infancia _924660 |
||
| 700 |
_aRepiso, Maria Elena (ilustraciones) _933446 |
||
| 942 |
_2ddc _cLIBROS |
||
| 945 |
_aachl _d2019-04-23 |
||